Awe The Transformative Power of Every Day Wonder (Record no. 3440)

MARC details
000 -LEADER
fixed length control field 00388nam a22001457a 4500
008 - FIXED-LENGTH DATA ELEMENTS--GENERAL INFORMATION
fixed length control field 250513b |||||||| |||| 00| 0 eng d
020 ## - INTERNATIONAL STANDARD BOOK NUMBER
ISBN 9781802061161
100 ## - MAIN ENTRY--AUTHOR
Author Keltner, Dacher
245 ## - TITLE STATEMENT
Title Awe The Transformative Power of Every Day Wonder
260 ## - PUBLICATION, DISTRIBUTION, ETC. (IMPRINT)
Place of publication Elcograt
Name of publisher Pelguin Book
Date of publication 2023
300 ## - COLLATION
Pagination xv, 297p.
Other physical details ill.
650 ## - TRACINGS
Main Subject Awe
Subdivision (1st) Wonder
942 ## - ADDED ENTRY ELEMENTS (KOHA)
Item type Books
050 ## - LIBRARY OF CONGRESS CALL NUMBER
Classification number BF575.A9
Item number .K34
Holdings
Source of classification or shelving scheme Not for loan Permanent location Current location Date acquired Accession No. Full call number Barcode. Koha item type
Library of Congress Classification   Samuel Ogbemudia Main Library, University of Abuja Samuel Ogbemudia Main Library, University of Abuja 05/13/2025 2024/64379 BF575.A9.K43 2025-1906 Books